| 000 | 00442 a2200133 4500 | ||
|---|---|---|---|
| 001 | 92292 | ||
| 082 | _aPR 2553 | ||
| 090 |
_c44247 _d44248 |
||
| 100 | _aAhsan Obaid; Prof Irfan Shahid and Shoaib Arif (Advisors) | ||
| 245 |
_aSoftware Development for Providing a Real Image of RF Emitters, Based upon Triangulation on a Broadband RF Receiver _n78 "B" EC |
||
| 260 |
_aIslamabad _bNUST _c2015 |
||
| 300 | _a48p. | ||
| 500 | _aBE Project Reports | ||
| 942 |
_aCAE NUST _kPR 2553 |
||
| 999 |
_c327365 _d327365 |
||